[Event "XXXIV Festival A"]
[Site "Arco ITA"]
[Date "2012.10.20"]
[Round "8"]
[White "Schaefer, Michael"]
[Black "Rizzoli, Aluna"]
[WhiteElo "2174"]
[BlackElo "1868"]
[Result "1/2-1/2"]
[PlyCount "69"]
[EventDate "2012.10.13"]

1. d4 Nf6 2. c4 e6 3. Nc3 Bb4 4. g3 O-O 5. Bg2 Nc6 6. Nf3 d5 7. O-O dxc4 8. Bg5
Be7 9. e3 Rb8 10. Qe2 b5 11. Rfd1 Nd5 12. Bxe7 Qxe7 13. e4 Ndb4 14. Rab1 Rd8
15. b3 cxb3 16. Rxb3 Na5 17. Rbb1 Ba6 18. a3 Nbc6 19. d5 exd5 20. Nxd5 Qxa3 21.
Ra1 Qc5 22. Nxc7 Rxd1+ 23. Qxd1 Rd8 24. Qe1 Bb7 25. Rxa5 Nxa5 26. Qxa5 Bxe4 27.
Na6 Rd1+ 28. Ne1 Qc1 29. Bxe4 Rxe1+ 30. Kg2 Rg1+ 31. Kf3 Qd1+ 32. Kf4 Qc1+ 33.
Kf3 Qd1+ 34. Kf4 Qc1+ 35. Kf3 1/2-1/2

[Event "XXXIV Festival A"]
[Site "Arco ITA"]
[Date "2012.10.20"]
[Round "8"]
[White "Schlee, Ulrich"]
[Black "Schaberg, Wolfgang"]
[WhiteElo "1796"]
[BlackElo "1856"]
[Result "1/2-1/2"]
[PlyCount "34"]
[EventDate "2012.10.13"]

1. e4 d6 2. d4 Nf6 3. Nc3 g6 4. f4 Bg7 5. Nf3 O-O 6. Be3 c5 7. h3 cxd4 8. Nxd4
Nh5 9. Qf3 e5 10. fxe5 Bxe5 11. O-O-O Ng3 12. Rg1 Nc6 13. Nxc6 bxc6 14. Bd4 Qe7
15. Bc4 a5 16. Bxe5 Qxe5 17. Rd3 Nh5 1/2-1/2

[Event "XXXIV Festival A"]
[Site "Arco ITA"]
[Date "2012.10.20"]
[Round "8"]
[White "Schnitzspan, Lothar"]
[Black "Burmakin, Vladimir"]
[WhiteElo "2325"]
[BlackElo "2579"]
[Result "1/2-1/2"]
[PlyCount "38"]
[EventDate "2012.10.13"]

1. c4 c6 2. Nf3 Nf6 3. b3 d5 4. e3 Bf5 5. Bb2 e6 6. Be2 Be7 7. Nh4 Bxb1 8. Qxb1
O-O 9. Nf3 Nbd7 10. O-O a5 11. Qc2 a4 12. Rab1 axb3 13. axb3 Bb4 14. Ra1 Qb6
15. h3 Rfc8 16. Rfc1 Qd8 17. d3 h6 18. Ne5 Nxe5 19. Bxe5 Nd7 1/2-1/2

[Event "XXXIV Festival A"]
[Site "Arco ITA"]
[Date "2012.10.20"]
[Round "8"]
[White "Skagseth, Havard M."]
[Black "Kierzek, Mira"]
[WhiteElo "1835"]
[BlackElo "2018"]
[Result "1-0"]
[PlyCount "99"]
[EventDate "2012.10.13"]

1. e4 c5 2. Nf3 Nc6 3. d4 cxd4 4. Nxd4 Qb6 5. Nb3 Nf6 6. Nc3 a6 7. Bd3 g6 8. f4
d6 9. h3 e6 10. Qf3 Bg7 11. Be3 Qc7 12. O-O-O b5 13. g4 b4 14. Ne2 Bb7 15. g5
Nd7 16. h4 Nb6 17. Kb1 Na4 18. Bc1 O-O-O 19. Qf2 Kb8 20. Ned4 Nxd4 21. Nxd4 Rc8
22. Rhe1 Nc5 23. Bd2 Bxe4 24. Bxb4 Bb7 25. Nb3 Nxb3 26. axb3 d5 27. Qd2 h6 28.
Ba5 Qc6 29. c4 hxg5 30. hxg5 Rh4 31. cxd5 Qxd5 32. Qb4 Qc5 33. Qd2 Qd6 34. Bb4
Qc7 35. Bxa6 Ka8 36. Rc1 Qd8 37. Rxc8+ Qxc8 38. Rc1 Be4+ 39. Bd3 Qb7 40. Rc8+
Qxc8 41. Bxe4+ Ka7 42. Qf2+ Ka6 43. Qxh4 Bd4 44. Qe1 Qc7 45. Qd2 Qb6 46. Bc3
Bxc3 47. Qxc3 Qg1+ 48. Ka2 Qf2 49. Qc6+ Ka5 50. Bd3 1-0

[Event "XXXIV Festival A"]
[Site "Arco ITA"]
[Date "2012.10.20"]
[Round "8"]
[White "Tencheni, Maurizio"]
[Black "Bortolotti, Silvano"]
[WhiteElo "1707"]
[BlackElo "1770"]
[Result "1/2-1/2"]
[PlyCount "87"]
[EventDate "2012.10.13"]

1. e4 b6 2. d4 Bb7 3. Bd3 e6 4. Nf3 Nf6 5. Qe2 d5 6. Nbd2 c5 7. c3 Nc6 8. e5
Nd7 9. O-O cxd4 10. cxd4 Nb4 11. Bb1 Ba6 12. Qe3 Bxf1 13. Nxf1 Rc8 14. Ne1 Be7
15. a3 Nc6 16. Bd2 O-O 17. Qd3 g6 18. Nf3 f5 19. Bh6 Rf7 20. Qd2 Na5 21. Ba2
Nc4 22. Bxc4 Rxc4 23. Ne3 Rc6 24. Rc1 Qc8 25. Rxc6 Qxc6 26. g3 Bf8 27. Bxf8
Nxf8 28. Ne1 Kg7 29. f4 Rc7 30. N1c2 Nd7 31. Kf2 b5 32. Nb4 Qc1 33. Ke2 Qxd2+
34. Kxd2 a5 35. Nd3 Kf7 36. b3 Nb6 37. Nc5 a4 38. Kc3 Nd7 39. b4 Nb6 40. Kd3
Rc8 41. Nc2 Na8 42. Ne1 Nc7 43. Kc2 Kg7 44. Kd2 1/2-1/2

[Event "XXXIV Festival A"]
[Site "Arco ITA"]
[Date "2012.10.20"]
[Round "8"]
[White "Titz, Heimo"]
[Black "Medancic, Rikard"]
[WhiteElo "2168"]
[BlackElo "2234"]
[Result "1/2-1/2"]
[PlyCount "152"]
[EventDate "2012.10.13"]

1. Nf3 d5 2. c4 d4 3. g3 Nc6 4. Bg2 e5 5. d3 Bd6 6. O-O Nf6 7. Bg5 h6 8. Bxf6
Qxf6 9. Nbd2 O-O 10. Ne4 Qd8 11. Nxd6 cxd6 12. a3 a5 13. Rb1 d5 14. cxd5 Qxd5
15. Rc1 Qb5 16. b3 Be6 17. Nd2 f6 18. Qc2 Rac8 19. Qc5 Qa6 20. Qd6 Rfe8 21. Bd5
Bxd5 22. Qxd5+ Kh8 23. Ne4 Re7 24. Nd6 Rcc7 25. Qb5 Qxb5 26. Nxb5 Rcd7 27. Rc5
e4 28. dxe4 Rxe4 29. Rc2 d3 30. exd3 Rxd3 31. Nc3 Re7 32. Nb5 Rxb3 33. a4 Rb4
34. Ra1 Kh7 35. Kg2 Ne5 36. Ra3 Nc4 37. Ra1 Nb6 38. Rca2 Nxa4 39. Rxa4 Rxb5 40.
Rxa5 Rxa5 41. Rxa5 b6 42. Rb5 Re6 43. h4 Kg8 44. h5 Kf7 45. Kf3 Ke7 46. Kf4 Kd7
47. Kf5 Rd6 48. Kg6 Kc6 49. Rb1 Rd7 50. Rc1+ Kb7 51. Rb1 Re7 52. Rb2 Kc6 53.
Rc2+ Kd5 54. Rd2+ Kc4 55. Rd8 b5 56. Rc8+ Kd5 57. Rb8 Kc6 58. f4 Kc5 59. Rc8+
Kd4 60. Rb8 Kc4 61. Rc8+ Kb3 62. Rg8 b4 63. Rxg7 Rxg7+ 64. Kxg7 Kc4 65. Kxh6 b3
66. Kg7 b2 67. h6 b1=Q 68. h7 Qb7+ 69. Kg8 Qc8+ 70. Kg7 Qd7+ 71. Kg8 Qg4+ 72.
Kf7 Qh5+ 73. Kg7 Qg4+ 74. Kf7 Qd7+ 75. Kg8 Qe8+ 76. Kg7 Qd8 1/2-1/2

[Event "XXXIV Festival A"]
[Site "Arco ITA"]
[Date "2012.10.20"]
[Round "8"]
[White "Trauth, Michael"]
[Black "Mumelter, Igor"]
[WhiteElo "2159"]
[BlackElo "1837"]
[Result "1/2-1/2"]
[PlyCount "94"]
[EventDate "2012.10.13"]

1. c4 Nf6 2. g3 e6 3. Nf3 d5 4. b3 Be7 5. Bg2 O-O 6. O-O c5 7. Bb2 Nc6 8. e3 b6
9. Nc3 Bb7 10. cxd5 Nxd5 11. Nxd5 Qxd5 12. d4 Rfd8 13. Ne5 Qd6 14. Qf3 Nxe5 15.
dxe5 Qd5 16. Qxd5 Bxd5 17. Rfd1 Bxg2 18. Kxg2 f5 19. exf6 Bxf6 20. Bxf6 gxf6
21. Kf3 Kf7 22. Ke4 Ke7 23. f4 h5 24. Rac1 Rac8 25. a4 a6 26. Rxd8 Rxd8 27. a5
Rb8 28. axb6 Kd6 29. Kd3 Rxb6 30. Kc3 Kc6 31. Rd1 Rb8 32. e4 Rb4 33. e5 fxe5
34. fxe5 h4 35. Rd6+ Kb5 36. Rxe6 hxg3 37. hxg3 Rg4 38. Re8 Rxg3+ 39. Kc2 Kc6
40. e6 Kd6 41. e7 Kd7 42. Rc8 Kxe7 43. Rxc5 Kd7 44. Kb2 Rg6 45. Ka3 Rc6 46. Kb4
Rxc5 47. Kxc5 Kc7 1/2-1/2

[Event "XXXIV Festival A"]
[Site "Arco ITA"]
[Date "2012.10.20"]
[Round "8"]
[White "Traversi, Carlo"]
[Black "Buck, Klaus-Michael"]
[WhiteElo "1570"]
[BlackElo "1756"]
[Result "1-0"]
[PlyCount "89"]
[EventDate "2012.10.13"]

1. e4 e6 2. d4 d5 3. Nc3 Bb4 4. Bd3 c5 5. dxc5 dxe4 6. Bb5+ Bd7 7. Bxd7+ Nxd7
8. Bd2 Nxc5 9. a3 Bxc3 10. Bxc3 Qg5 11. Kf1 Ne7 12. Nh3 Qf5 13. g4 Qf3 14. Qxf3
exf3 15. Ng5 f6 16. Nxf3 Nd5 17. Bb4 Na6 18. c3 Naxb4 19. axb4 e5 20. Kg2 Nf4+
21. Kg3 O-O-O 22. Rhd1 Kb8 23. Nh4 g5 24. Ng2 h5 25. Nxf4 gxf4+ 26. Kf3 hxg4+
27. Kxg4 Rdf8 28. Rh1 f5+ 29. Kf3 Rh4 30. Rad1 e4+ 31. Ke2 Kc7 32. Rd4 Rf7 33.
b5 b6 34. Rc4+ Kb7 35. Rd4 Rh3 36. Rhd1 Rhh7 37. Rd6 Rc7 38. Rf6 Rc5 39. Rfd6
Rh5 40. R6d5 Rxh2 41. Rxc5 bxc5 42. Rd5 Rh3 43. Rxf5 e3 44. Rxf4 exf2 45. Rxf2
1-0

[Event "XXXIV Festival A"]
[Site "Arco ITA"]
[Date "2012.10.20"]
[Round "8"]
[White "Vezzosi, Paolo"]
[Black "Tocco, Paolo"]
[WhiteElo "2308"]
[BlackElo "2133"]
[Result "1-0"]
[PlyCount "114"]
[EventDate "2012.10.13"]

1. d4 f5 2. g3 Nf6 3. Bg2 e6 4. Nf3 d5 5. O-O Bd6 6. b3 Qe7 7. Bb2 O-O 8. c4 c6
9. Qc1 Ne4 10. Ba3 Nd7 11. Bxd6 Qxd6 12. e3 g5 13. Nc3 g4 14. Nd2 Ndf6 15. f3
Nxd2 16. Qxd2 gxf3 17. Bxf3 Bd7 18. Ne2 Ne4 19. Qb2 Rae8 20. Nf4 Re7 21. Nd3
Rg7 22. Bxe4 dxe4 23. c5 Qe7 24. Ne5 Be8 25. Rf4 h5 26. Kf2 Rf6 27. Rg1 Rh6 28.
Qc1 Kf8 29. Qe1 b6 30. b4 bxc5 31. bxc5 Qb7 32. Rg2 Rh8 33. Kg1 Rhg8 34. Rff2
Qa6 35. Rb2 h4 36. g4 h3 37. Rg3 fxg4 38. Qf1+ Qxf1+ 39. Kxf1 Ke7 40. Rb7+ Kd8
41. Rxg7 Rxg7 42. Nxg4 Rb7 43. Rxh3 Rb1+ 44. Kf2 Rb2+ 45. Kg3 Rxa2 46. Kf4 Bg6
47. Ke5 Bf5 48. Kd6 Ke8 49. Rh8+ Kf7 50. Ne5+ Kg7 51. Ra8 Ra3 52. Nxc6 Rxe3 53.
Rxa7+ Kf6 54. Ne5 Rc3 55. c6 e3 56. c7 Rc1 57. Ra3 Rc3 1-0

[Event "XXXIV Festival A"]
[Site "Arco ITA"]
[Date "2012.10.20"]
[Round "8"]
[White "Wagner, Frank"]
[Black "Roth, Peter"]
[WhiteElo "1906"]
[BlackElo "2226"]
[Result "0-1"]
[PlyCount "45"]
[EventDate "2012.10.13"]

1. e4 e6 2. b3 d5 3. exd5 exd5 4. Bb2 Nf6 5. Nf3 Bd6 6. Qe2+ Kf8 7. g3 Bf5 8.
d3 Nc6 9. a3 Qd7 10. Qd1 Re8+ 11. Be2 Bh3 12. Rg1 h6 13. Bxf6 gxf6 14. Nc3 Bg4
15. Kd2 Rxe2+ 16. Nxe2 Bxf3 17. Qc1 Qf5 18. Re1 Qg5+ 19. Kd1 Nd4 20. Qe3 Qxe3
21. fxe3 Nxe2 22. Rxe2 Kg7 23. Kd2 0-1

[Event "XXXIV Festival A"]
[Site "Arco ITA"]
[Date "2012.10.20"]
[Round "8"]
[White "Weinberg, Emanuele"]
[Black "Dieli, Riccardo"]
[WhiteElo "1795"]
[BlackElo "1839"]
[Result "0-1"]
[PlyCount "92"]
[EventDate "2012.10.13"]

1. d4 Nf6 2. c4 c5 3. d5 b5 4. cxb5 a6 5. Nc3 g6 6. e4 d6 7. Nf3 Bg7 8. Be2 O-O
9. O-O Nbd7 10. Qc2 axb5 11. Bxb5 Ba6 12. a4 Ne8 13. Bd2 Nc7 14. Bxa6 Rxa6 15.
Rab1 Qa8 16. b4 cxb4 17. Rxb4 Nc5 18. Nb5 Nxb5 19. axb5 Ra2 20. Qb1 f5 21. Be3
Nxe4 22. Bd4 Qxd5 23. Bxg7 Kxg7 24. Rb2 Rxb2 25. Qxb2+ e5 26. h3 Rb8 27. b6 Kf6
28. Rc1 Qb7 29. Rb1 Qc6 30. Ne1 Nc5 31. f4 Na4 32. fxe5+ dxe5 33. Qa1 Rxb6 34.
Rc1 Qb5 35. Nf3 Re6 36. Rb1 Qc5+ 37. Kh2 Nb6 38. Rc1 Qd6 39. h4 h6 40. Rd1 Qe7
41. Qb2 Kg7 42. Kh3 Qf6 43. Rc1 g5 44. hxg5 hxg5 45. g4 fxg4+ 46. Kxg4 Qf4+ 0-1

[Event "XXXIV Festival A"]
[Site "Arco ITA"]
[Date "2012.10.20"]
[Round "8"]
[White "Ziltener, Werner"]
[Black "Sigmund, Ingenuin"]
[WhiteElo "2053"]
[BlackElo "1776"]
[Result "1-0"]
[PlyCount "113"]
[EventDate "2012.10.13"]

1. d4 e6 2. Nf3 b6 3. e4 Bb7 4. Bd3 d5 5. e5 c5 6. c3 Qc7 7. O-O Nc6 8. Be3 g6
9. Na3 a6 10. Nc2 Bg7 11. Qd2 Nge7 12. Bh6 O-O 13. Bxg7 Kxg7 14. Ne3 Nc8 15. h4
f6 16. Ng4 h5 17. exf6+ Kh8 18. Nge5 Rxf6 19. Nxg6+ Kg7 20. Qg5 Kf7 21. Qxh5
Ke8 22. Qh8+ Kd7 23. Rfe1 Rxf3 24. Qh7+ N8e7 25. gxf3 Kd6 26. Qf7 Bc8 27. Qf4+
Kd7 28. Nf8+ Kd8 29. Qxc7+ Kxc7 30. h5 Bd7 31. Nxe6+ Kd6 32. Nf4 cxd4 33. h6
Rg8+ 34. Kf1 dxc3 35. bxc3 b5 36. Rad1 Rf8 37. h7 Ne5 38. Be4 Bc6 39. Ke2 Rh8
40. Rh1 Nf7 41. Rh5 Ne5 42. Rh6+ Kc5 43. Bc2 Bd7 44. Ne6+ Kc4 45. Bb3+ Kxc3 46.
Rxd5 Bxe6 47. Rxe5 Bxb3 48. axb3 Kxb3 49. Rxe7 a5 50. Rg7 a4 51. Rg8 Rxh7 52.
Rxh7 a3 53. Ra8 b4 54. Rb7 Kc2 55. Rc8+ Kb2 56. Rxb4+ Ka2 57. Ra8 1-0

[Event "XXXIV Festival A"]
[Site "Arco ITA"]
[Date "2012.10.21"]
[Round "9"]
[White "Ager, Josef"]
[Black "Titz, Heimo"]
[WhiteElo "2193"]
[BlackElo "2168"]
[Result "1/2-1/2"]
[PlyCount "21"]
[EventDate "2012.10.13"]

1. d4 d5 2. Nf3 Nf6 3. c3 c6 4. Bf4 Bf5 5. e3 e6 6. Be2 Be7 7. O-O h6 8. Qb3
Qb6 9. Nbd2 Nbd7 10. h3 O-O 11. Ne5 1/2-1/2

[Event "XXXIV Festival A"]
[Site "Arco ITA"]
[Date "2012.10.21"]
[Round "9"]
[White "Antonelli, Fabrizio"]
[Black "Albano, Marco"]
[WhiteElo "2011"]
[BlackElo "2226"]
[Result "0-1"]
[PlyCount "80"]
[EventDate "2012.10.13"]

1. e4 c5 2. Nf3 Nc6 3. d4 cxd4 4. Nxd4 Nf6 5. Nc3 e5 6. Nf3 Bb4 7. Bd3 d5 8.
Nd2 Bxc3 9. bxc3 dxe4 10. Nxe4 Nxe4 11. Bxe4 Qxd1+ 12. Kxd1 Bd7 13. Ke2 f5 14.
Bd5 O-O-O 15. Bg5 Rde8 16. Rhd1 h6 17. Be3 b6 18. f3 Na5 19. Rab1 Be6 20. Rb4
Bxd5 21. Rxd5 Nc6 22. Ra4 Rd8 23. c4 Rd7 24. Rxd7 Kxd7 25. c5 b5 26. Ra3 Kc7
27. Rb3 a6 28. a3 Rd8 29. Rd3 g5 30. h4 f4 31. Bf2 Nd4+ 32. Kd2 Kc6 33. hxg5
hxg5 34. c3 Nb3+ 35. Kc2 Rxd3 36. Kxd3 Nxc5+ 37. Kd2 Kd5 38. Kc2 Kc4 39. Be1 e4
40. Kd2 e3+ 0-1

[Event "XXXIV Festival A"]
[Site "Arco ITA"]
[Date "2012.10.21"]
[Round "9"]
[White "Arvola, Benjamin"]
[Black "Bruno, Fabio"]
[WhiteElo "2296"]
[BlackElo "2416"]
[Result "1/2-1/2"]
[PlyCount "81"]
[EventDate "2012.10.13"]

1. e4 e6 2. d4 d5 3. Nc3 Bb4 4. e5 Ne7 5. a3 Bxc3+ 6. bxc3 b6 7. Qg4 Rg8 8. Bd3
Nf5 9. Qh5 Qh4 10. Qe2 Qe7 11. Nf3 h6 12. h4 Qd7 13. g4 Ne7 14. g5 h5 15. g6
Nxg6 16. Ng5 Rh8 17. Bxg6 fxg6 18. Qd3 Rh6 19. Rh3 Ba6 20. Qe3 Nc6 21. Rf3 Nd8
22. a4 Qc6 23. Ba3 Rh8 24. Kd2 Kd7 25. Nf7 Re8 26. Bb4 Qc4 27. Rg1 Nc6 28. Rxg6
Nxb4 29. cxb4 Qxb4+ 30. Qc3 Qxc3+ 31. Kxc3 Re7 32. Ng5 Rae8 33. Rf7 Rxf7 34.
Nxf7 Re7 35. Ng5 c5 36. f4 Bb7 37. Nh7 Ke8 38. Ng5 Kd7 39. Nh7 Ke8 40. Ng5 Kd7
41. Nh7 1/2-1/2

[Event "XXXIV Festival A"]
[Site "Arco ITA"]
[Date "2012.10.21"]
[Round "9"]
[White "Astengo, Corrado"]
[Black "Skagseth, Havard M."]
[WhiteElo "2119"]
[BlackElo "1835"]
[Result "1/2-1/2"]
[PlyCount "73"]
[EventDate "2012.10.13"]

1. e4 c5 2. Nf3 d6 3. d4 cxd4 4. Nxd4 Nf6 5. Nc3 g6 6. Be3 Bg7 7. f3 Nc6 8. Qd2
O-O 9. O-O-O d5 10. exd5 Nxd5 11. Nxc6 bxc6 12. Bd4 e5 13. Bc5 Be6 14. Ne4 Re8
15. h4 h6 16. g4 Qc7 17. g5 h5 18. Bc4 Red8 19. Qf2 Nf4 20. Bxe6 Nxe6 21. Nf6+
Bxf6 22. gxf6 Nxc5 23. Qxc5 Rxd1+ 24. Rxd1 Re8 25. Rd6 Re6 26. Rxe6 fxe6 27. b4
a6 28. a4 e4 29. fxe4 Qf4+ 30. Kb1 Qxf6 31. Qxc6 Qxh4 32. Qxe6+ Kh7 33. Qf7+
Kh6 34. Qf8+ Kh7 35. Qf7+ Kh6 36. Qf8+ Kh7 37. Qf7+ 1/2-1/2

[Event "XXXIV Festival A"]
[Site "Arco ITA"]
[Date "2012.10.21"]
[Round "9"]
[White "Beltrami, Nerio"]
[Black "Bisignano, Giuseppe"]
[WhiteElo "1926"]
[BlackElo "1891"]
[Result "0-1"]
[PlyCount "114"]
[EventDate "2012.10.13"]

1. e4 e5 2. Nf3 Nc6 3. Bb5 a6 4. Bxc6 dxc6 5. O-O f6 6. d4 Bg4 7. dxe5 Qxd1 8.
Rxd1 fxe5 9. h3 Bxf3 10. gxf3 Nf6 11. Be3 Bd6 12. Nd2 O-O 13. Nc4 Nh5 14. Nxd6
cxd6 15. Rxd6 Rxf3 16. Kg2 Rf7 17. Rad1 Nf6 18. f3 h6 19. Re6 Re8 20. Rxe8+
Nxe8 21. Rd8 Re7 22. Bc5 Re6 23. a4 Kh7 24. Rd7 b6 25. Bxb6 Rd6 26. Rxd6 Nxd6
27. b3 Kg6 28. Bc7 Nf7 29. h4 Kf6 30. Kg3 h5 31. f4 exf4+ 32. Kxf4 Ke6 33. b4
g6 34. c4 Kd7 35. Bb8 Kc8 36. Be5 Kd7 37. b5 cxb5 38. cxb5 axb5 39. axb5 g5+
40. hxg5 h4 41. Kf5 Nxe5 42. Kxe5 h3 43. b6 h2 44. b7 h1=Q 45. b8=N+ Ke7 46.
Nc6+ Kf8 47. Nd4 Qh2+ 48. Kf5 Qf2+ 49. Ke5 Kf7 50. Nf5 Qc5+ 51. Kf4 Kg6 52.
Nh4+ Kh5 53. Nf3 Qf8+ 54. Kg3 Qa3 55. Kf4 Qc1+ 56. Kg3 Qe3 57. e5 Qe4 0-1

[Event "XXXIV Festival A"]
[Site "Arco ITA"]
[Date "2012.10.21"]
[Round "9"]
[White "Bonagura, Stefano"]
[Black "Facchetti, Gianni"]
[WhiteElo "2172"]
[BlackElo "2087"]
[Result "0-1"]
[PlyCount "54"]
[EventDate "2012.10.13"]

1. c4 e5 2. g3 Nf6 3. Bg2 d6 4. Nc3 Nbd7 5. e4 a5 6. Nge2 h5 7. O-O h4 8. d3 c6
9. Bg5 hxg3 10. fxg3 Qb6+ 11. d4 Be7 12. Qd2 exd4 13. Nxd4 Ne5 14. b3 Rxh2 15.
Bxf6 Rxg2+ 16. Kxg2 Bxf6 17. Rxf6 gxf6 18. Rh1 Ke7 19. Ndb5 Qc5 20. Nc7 Bg4 21.
Nxa8 Bf3+ 22. Kf1 Bxh1 23. Qf2 Qa3 24. Qd2 Nf3 25. Qc2 Qc5 26. Qf2 Qg5 27. Ne2
Qd2 0-1

[Event "XXXIV Festival A"]
[Site "Arco ITA"]
[Date "2012.10.21"]
[Round "9"]
[White "Bruno, Elio"]
[Black "Maddaloni, Giovanni"]
[WhiteElo "1618"]
[BlackElo "1762"]
[Result "1-0"]
[PlyCount "89"]
[EventDate "2012.10.13"]

1. d4 Nf6 2. c4 e5 3. Nf3 Bb4+ 4. Bd2 Bxd2+ 5. Nbxd2 exd4 6. Nxd4 O-O 7. e3 d5
8. Qc2 c5 9. Nf5 d4 10. O-O-O Nc6 11. a3 g6 12. Ng3 h5 13. h4 Re8 14. e4 Kg7
15. f3 Ne5 16. Bd3 Bd7 17. Ne2 a6 18. Nf4 b5 19. cxb5 axb5 20. Nb1 c4 21. Bf1
d3 22. Qc3 Qb6 23. Nd2 Rac8 24. Nd5 Nxd5 25. exd5 Qc5 26. f4 Qxd5 27. fxe5 Qxe5
28. Qxe5+ Rxe5 29. Nf3 Re3 30. Re1 Rce8 31. Rxe3 Rxe3 32. Kd2 Re7 33. g3 Bg4
34. Nd4 Re5 35. Bg2 Bd7 36. Re1 Rxe1 37. Kxe1 Kf6 38. Bc6 Bxc6 39. Nxc6 Ke6 40.
Nd4+ Kd5 41. Nxb5 f6 42. Kf2 g5 43. Ke3 Ke5 44. Nc3 gxh4 45. gxh4 1-0

[Event "XXXIV Festival A"]
[Site "Arco ITA"]
[Date "2012.10.21"]
[Round "9"]
[White "Buglisi, Massimo"]
[Black "Salati, Paolo"]
[WhiteElo "1922"]
[BlackElo "1887"]
[Result "1-0"]
[PlyCount "59"]
[EventDate "2012.10.13"]

1. d4 d5 2. c4 c6 3. Nc3 Nf6 4. cxd5 cxd5 5. Bf4 e6 6. e3 Nc6 7. Rc1 Bd6 8.
Bxd6 Qxd6 9. f4 a6 10. Bd3 Ne7 11. Nf3 Nf5 12. Qe2 O-O 13. Ne5 Nd7 14. Qf3 g6
15. O-O Ng7 16. g4 Nxe5 17. fxe5 Qe7 18. e4 dxe4 19. Nxe4 Ne8 20. g5 Qd8 21.
Qf2 Bd7 22. Nf6+ Nxf6 23. gxf6 Bc6 24. Bc4 Qd7 25. Qh4 Kh8 26. Rf4 h5 27. Qg5
Kh7 28. Rh4 Rg8 29. Kf2 Rh8 30. Rxh5+ 1-0

[Event "XXXIV Festival A"]
[Site "Arco ITA"]
[Date "2012.10.21"]
[Round "9"]
[White "Burmakin, Vladimir"]
[Black "Vezzosi, Paolo"]
[WhiteElo "2579"]
[BlackElo "2308"]
[Result "1/2-1/2"]
[PlyCount "39"]
[EventDate "2012.10.13"]

1. d4 Nf6 2. Nf3 e6 3. g3 b5 4. Bg2 Bb7 5. O-O c5 6. Na3 Qb6 7. c4 b4 8. Nc2
Na6 9. b3 cxd4 10. Bb2 Bc5 11. Bxd4 Bxf3 12. Bxf3 Bxd4 13. Qxd4 Rb8 14. Qf4 O-O
15. e4 d6 16. e5 dxe5 17. Qxe5 Qc5 18. Qxc5 Nxc5 19. Nd4 a6 20. Nc6 1/2-1/2

[Event "XXXIV Festival A"]
[Site "Arco ITA"]
[Date "2012.10.21"]
[Round "9"]
[White "De Nisi, Roberta"]
[Black "Bonade', Massimo"]
[WhiteElo "1926"]
[BlackElo "2086"]
[Result "0-1"]
[PlyCount "106"]
[EventDate "2012.10.13"]

1. d4 Nf6 2. c4 e6 3. Nc3 Bb4 4. a3 Bxc3+ 5. bxc3 b6 6. f3 Nc6 7. e4 Ba6 8. Bd3
Na5 9. Qe2 Nb3 10. Rb1 Nxc1 11. Rxc1 Qe7 12. Ra1 e5 13. Nh3 d6 14. O-O Bc8 15.
Nf2 O-O 16. g4 h6 17. Kg2 Nh7 18. Rh1 Qh4 19. Rag1 Ng5 20. Kf1 Ne6 21. Qe3 c5
22. d5 Nf4 23. Rg3 Rb8 24. a4 Bd7 25. Bc2 a6 26. Nd3 Ng6 27. Ke2 Rb7 28. Kd2
Ra8 29. g5 hxg5 30. Qxg5 Qxg5+ 31. Rxg5 Be8 32. Rhg1 Kf8 33. Ra1 Nh4 34. Ke3 f6
35. Rg3 g5 36. Nf2 Rh7 37. Ng4 Ke7 38. Rgg1 Ng6 39. Rab1 Rb8 40. Rb2 Bd7 41.
Nf2 Kd8 42. Rgb1 Kc7 43. a5 b5 44. cxb5 Rxb5 45. Rxb5 axb5 46. Bd3 c4 47. Be2
Rxh2 48. Bxc4 bxc4 49. a6 Bc8 50. a7 Bb7 51. Ng4 Ra2 52. Rb4 Nf4 53. Rxc4+ Kb6
0-1

[Event "XXXIV Festival A"]
[Site "Arco ITA"]
[Date "2012.10.21"]
[Round "9"]
[White "Del Nevo, Claudio"]
[Black "Blasco, Domenico"]
[WhiteElo "1821"]
[BlackElo "1920"]
[Result "0-1"]
[PlyCount "76"]
[EventDate "2012.10.13"]

1. d4 g6 2. Nf3 Bg7 3. c3 d6 4. e4 Nc6 5. Bd3 e5 6. d5 Nce7 7. Qc2 Nf6 8. Bg5
h6 9. Bxf6 Bxf6 10. Nbd2 O-O 11. h3 Bd7 12. O-O-O c6 13. dxc6 bxc6 14. g4 Bg7
15. Nc4 Qc7 16. Rhg1 Rab8 17. Be2 d5 18. Ne3 Be6 19. h4 d4 20. Nc4 c5 21. h5 g5
22. Qd2 f6 23. Ne1 Nc6 24. a3 Rfc8 25. Rg3 Kh8 26. Qc2 Na5 27. Nxa5 Qxa5 28. c4
Rb7 29. Rb3 Rcb8 30. Rxb7 Rxb7 31. Qd2 Qb6 32. f3 Qb3 33. Qc2 Qa2 34. Nd3 Bf8
35. Nf2 Bd6 36. Nd3 Qxc4 37. Rd2 Qxc2+ 38. Rxc2 c4 0-1

[Event "XXXIV Festival A"]
[Site "Arco ITA"]
[Date "2012.10.21"]
[Round "9"]
[White "Dittmar, Peter"]
[Black "Naumkin, Igor"]
[WhiteElo "2329"]
[BlackElo "2480"]
[Result "0-1"]
[PlyCount "116"]
[EventDate "2012.10.13"]

1. d4 Nf6 2. c4 e6 3. Nc3 Bb4 4. e3 c5 5. Nge2 cxd4 6. exd4 O-O 7. a3 Be7 8. g3
d5 9. cxd5 Nxd5 10. Bg2 Nxc3 11. bxc3 Nc6 12. O-O Na5 13. Rb1 Bd7 14. c4 b6 15.
Bxa8 Qxa8 16. Qd3 Rc8 17. c5 Bc6 18. Be3 bxc5 19. dxc5 Bh1 20. f3 Bxf3 21. Rbc1
Nc6 22. Bf4 Bh1 23. Rf2 Rd8 24. Qe3 Bd5 25. Nc3 Bf6 26. Rd2 Bxc3 27. Qxc3 Qc8
28. Bd6 Qa6 29. Rf1 h6 30. Rf4 Rd7 31. Rb2 f5 32. Rf1 Qa4 33. Re1 Qg4 34. Qe3
Nd4 35. Rf1 Kh7 36. Rf4 Nf3+ 37. Rxf3 Bxf3 38. Rb4 Be4 39. Rd4 Rb7 40. Rb4 Qd1+
41. Kf2 Rf7 42. h4 Bd3 43. Qf3 Qd2+ 44. Kg1 a5 45. Rd4 Qc1+ 46. Kf2 Qb2+ 47.
Ke3 Ba6 48. Qd1 e5 49. Rd2 Qxa3+ 50. Kf2 e4 51. Bf4 Qxc5+ 52. Be3 Qe7 53. Rd5
f4 54. Bxf4 e3+ 55. Kg1 e2 56. Qb1+ Kg8 57. Qe1 Rxf4 58. gxf4 Qe3+ 0-1

[Event "XXXIV Festival A"]
[Site "Arco ITA"]
[Date "2012.10.21"]
[Round "9"]
[White "Dobboletta, Alex"]
[Black "Trauth, Michael"]
[WhiteElo "1995"]
[BlackElo "2159"]
[Result "0-1"]
[PlyCount "52"]
[EventDate "2012.10.13"]

1. e4 c5 2. Nf3 Nc6 3. d4 cxd4 4. Nxd4 g6 5. c4 Nf6 6. Nc3 d6 7. Be2 Nxd4 8.
Qxd4 Bg7 9. Be3 O-O 10. Qd2 a5 11. O-O a4 12. Rae1 Qa5 13. f4 Be6 14. f5 Bd7
15. Bd3 a3 16. b4 Qc7 17. Rc1 Bc6 18. Qe1 Ng4 19. Bd2 d5 20. Bf4 Qb6+ 21. Kh1
dxe4 22. Nxe4 Qd4 23. Rd1 Rad8 24. Qe2 Bxe4 25. Qxg4 Bxd3 26. Rf3 Bxf5 0-1

[Event "XXXIV Festival A"]
[Site "Arco ITA"]
[Date "2012.10.21"]
[Round "9"]
[White "Duruz, Noe"]
[Black "Knors, Rudi"]
[WhiteElo "1930"]
[BlackElo "2112"]
[Result "1-0"]
[PlyCount "67"]
[EventDate "2012.10.13"]

1. e4 c6 2. d4 d5 3. e5 Bf5 4. Nc3 Qb6 5. Nf3 e6 6. Be2 Bg4 7. O-O Ne7 8. b3
Nf5 9. Na4 Qc7 10. Bb2 Nd7 11. c4 dxc4 12. bxc4 Nb6 13. Rc1 Rd8 14. h3 Bxf3 15.
Bxf3 Nxa4 16. Qxa4 Nxd4 17. Bxd4 Rxd4 18. Qxa7 Rd7 19. Rfd1 Be7 20. Rxd7 Kxd7
21. Rd1+ Kc8 22. Bxc6 bxc6 23. Qa8+ Qb8 24. Qxc6+ Qc7 25. Qa6+ Qb7 26. Qxb7+
Kxb7 27. Rd7+ Kc6 28. Rxe7 Rf8 29. a4 Kc5 30. a5 Kd4 31. a6 Kxe5 32. a7 Kf6 33.
Rb7 Ra8 34. c5 1-0

[Event "XXXIV Festival A"]
[Site "Arco ITA"]
[Date "2012.10.21"]
[Round "9"]
[White "Espinosa Cancino, Miguel"]
[Black "Weinberg, Emanuele"]
[WhiteElo "1696"]
[BlackElo "1795"]
[Result "1-0"]
[PlyCount "33"]
[EventDate "2012.10.13"]

1. d4 Nf6 2. Nf3 e6 3. e3 g6 4. Bd3 Bg7 5. e4 d6 6. O-O O-O 7. c4 c5 8. dxc5
dxc5 9. Qe2 Nc6 10. e5 Nd7 11. Bf4 Qc7 12. Re1 Nb4 13. Nc3 Nxd3 14. Qxd3 a6 15.
Bg3 f5 16. exf6 Nxf6 17. Bxc7 1-0

[Event "XXXIV Festival A"]
[Site "Arco ITA"]
[Date "2012.10.21"]
[Round "9"]
[White "Galas, Franco"]
[Black "Pedrotti, Luciano"]
[WhiteElo "1735"]
[BlackElo "1811"]
[Result "1/2-1/2"]
[PlyCount "61"]
[EventDate "2012.10.13"]

1. e4 e5 2. Bc4 Nf6 3. Nc3 Bc5 4. Nf3 d6 5. h3 O-O 6. d4 exd4 7. Nxd4 c6 8. O-O
Nbd7 9. Bg5 Ne5 10. Bb3 h6 11. Bh4 a6 12. Nf3 Qe7 13. Nxe5 dxe5 14. Qf3 g5 15.
Bg3 b5 16. Qe2 Bd4 17. a3 Bb7 18. Rab1 Rad8 19. Rfd1 Rd7 20. Kh1 Rfd8 21. f3
Nh5 22. Bh2 Kg7 23. Rd3 f6 24. Nd1 a5 25. Ne3 Bxe3 26. Qxe3 Rd4 27. Rbd1 b4 28.
a4 Ba6 29. Rxd4 Rxd4 30. Rxd4 exd4 31. Qxd4 1/2-1/2